Borussia Dortmund Squad 1996-1997 - Statistics

General Stats
  • This quiz has been taken 23 times
  • The average score is 13 of 30
Answer Stats
# Position Nation Player % Correct
18 MF Germany Lars Ricken
89%
15 DF Germany Jürgen Kohler
84%
6 DF Germany Matthias Sammer
84%
19 MF Portugal Paulo Sousa
84%
9 FW Switzerland Stéphane Chapuisat
84%
10 MF Germany Andreas Möller
79%
13 FW Germany Karl-Heinz Riedle
79%
1 GK Germany Stefan Klos
74%
7 MF Germany Stefan Reuter
63%
8 MF Germany Michael Zorc
58%
14 MF Scotland Paul Lambert
58%
- Coach Germany Ottmar Hitzfeld
53%
5 DF Brazil Júlio César
47%
11 FW Germany Heiko Herrlich
37%
29 MF Russia Vladimir But
37%
22 FW Ghana Ibrahim Tanko
26%
17 DF Germany Jörg Heinrich
26%
2 MF Germany Knut Reinhardt
26%
16 DF Germany Martin Kree
26%
4 MF Germany Steffen Freund
26%
12 GK Germany Wolfgang de Beer
26%
23 MF Germany René Tretschok
16%
25 DF Norway Steinar Pedersen
16%
27 DF Austria Wolfgang Feiersinger
16%
21 DF Germany Carsten Wolters
11%
21 FW Germany Christian Timm
11%
26 MF Germany Frank Riethmann
11%
28 FW United States Jovan Kirovski
11%
3 DF Germany René Schneider
11%
38 MF Ghana Yahaya Mallam
11%
No matching quizzes found
Score Distribution
Percent of People with Each Score
Percentile by Number Answered
Your Score History
You have not taken this quiz